Beaufort House Developments Ltd v Zimmcor (Record no. 25658)

MARC details
000 -LEADER
fixed length control field 00855cab a2200193 4500
001 - CONTROL NUMBER
control field ABS43030
008 - FIXED-LENGTH DATA ELEMENTS--GENERAL INFORMATION
fixed length control field 090401t1990 xxu||||| |||| 00| 0 eng d
035 ## - SYSTEM CONTROL NUMBER
System control number (Sirsi) u40059
041 ## - LANGUAGE CODE
Language code of text/sound track or separate title eng
245 ## - TITLE STATEMENT
Title Beaufort House Developments Ltd v Zimmcor
260 ## - PUBLICATION, DISTRIBUTION, ETC.
Date of publication, distribution, etc. 1990
350 ## - PRICE (NR) (BK AM CF MU VM SE) [OBSOLETE]
Price 0
490 ## - SERIES STATEMENT
Series statement Construction Industry Law Letter
Volume/sequential designation (1990) CILL 599(1)
520 ## - SUMMARY, ETC.
Summary, etc. CA 26 June 1990. Appeal against HC decision (Abs 42619) by Z against damages awarded to B. Concerned with same form of contract as in Rosehaugh Stanhope (Broadgate Phase 6) plc v Redpath Dorman Long Ltd (Abs). It was held that Z was not to be treated in breach of contract and would have completed with a reasonable extension of time. Appeal allowed.
650 ## - SUBJECT ADDED ENTRY--TOPICAL TERM
Topical term or geographic name entry element NON-STANDARD FORM OF CONTRACT
690 ## - LOCAL SUBJECT ADDED ENTRY--TOPICAL TERM (OCLC, RLIN)
Topical term or geographic name as entry element BUILDING AND CONSTRUCTION-CASE LAW
942 ## - ADDED ENTRY ELEMENTS (KOHA)
Suppress in OPAC 0
948 ## - LOCAL PROCESSING INFORMATION (OCLC); SERIES PART DESIGNATOR (RLIN)
c (OCLC) 04/03/1997
Holdings
Withdrawn status Lost status Source of classification or shelving scheme Damaged status Not for loan Home library Current library Shelving location Date acquired Total Checkouts Full call number Barcode Date last seen Copy number Price effective from Koha item type
    Dewey Decimal Classification     London London Journal article 14/09/1999   ABS43030 40059-1001 06/08/2019 1 06/08/2019 Law report